[Event "Asia-ch U20 Girls"]
[Site "Chennai"]
[Date "2008.12.06"]
[Round "1"]
[White "Bhakti, Kulkarni"]
[Black "Khushboo, Mehtani"]
[Result "1-0"]
[WhiteElo "2163"]
[BlackElo "1827"]
[PlyCount "61"]
[EventDate "2008.12.05"]
[EventType "swiss"]
[EventRounds "9"]
[EventCountry "IND"]
[SourceTitle "CBM 127 Extra"]
[Source "ChessBase"]
[SourceDate "2009.01.08"]
[SourceVersion "2"]
[SourceVersionDate "2009.01.28"]
[SourceQuality "1"]

1. d4 d5 2. Nf3 g6 3. e3 Bg7 4. Bd3 Nf6 5. Nbd2 0-0 6. 0-0 Nbd7 7. b3 Re8 8. Bb2 c6 9. Qe2 Nf8 10. Ne5 N8d7 11. f4 Qc7 12. Qf3 Nf8 13. g4 Ne6 14. h4 Nd7 15. f5 Nxe5 16. dxe5 Nd8 17. Qf4 Rf8 18. h5 Qd7 19. h6 Bh8 20. fxg6 hxg6 21. h7+ Kxh7 22. e6 Bxb2 23. exd7 Bxa1 24. dxc8Q Rxc8 25. Rxa1 Ne6 26. Qe5 Rh8 27. Rf1 Rcf8 28. Kg2 Kg8 29. Bxg6 fxg6 30. Qxe6+ Kg7 31. Qxe7+ 1-0